000 00706nam a2200229 i 4500
001 96544
003 ES-MaACL
005 20251013063106.0
007 t|
008 050627s1977 sp ||||1| spa d
040 _cES-MaACL
100 1 _aMalatesta, Errico,
_d1853-1932
_9242174
_eaut
245 1 0 _aIdeario /
_cErrico Malatesta; versión José María Olleros.
260 _aMadrid :
_bDogal,
_c1977.
300 _a130 páginas ;
_c21 cm.
650 7 _2embne
_99783
_aAnarquismo
700 1 _aOlleros, José María.
_986929
852 _aES-MaACL
_jA-8062
_bR.97323
_9100114
_cSPP1
942 _cMONOGRAFIA
_n0
999 _c96544
_d96544